Dostoievski, Renán, Pérez Galdós
Na minha lista:
| Autor principal: | |
|---|---|
| Formato: | Livro |
| Idioma: | espanhol |
| Publicado em: |
Madrid
Saturnino Calleja
1925
|
| Assuntos: | |
| Tags: |
Adicionar Tag
Sem tags, seja o primeiro a adicionar uma tag!
|
MARC
| LEADER | 00000nam a2200000 a 4500 | ||
|---|---|---|---|
| 001 | UCZ7282 | ||
| 003 | CL-VaPUC | ||
| 008 | 951228e19250000SP |||||||||||||||||spa|d | ||
| 082 | 0 | 4 | |a 809.3 |b DON |2 21 |
| 100 | 0 | |a Donoso Novoa, Armando |e author |9 352087 | |
| 245 | 1 | 0 | |a Dostoievski, Renán, Pérez Galdós |
| 300 | |a 300 p | ||
| 942 | |c BK | ||
| 945 | |d 19951228 00:00:00 |a rleighto | ||
| 260 | |a Madrid |b Saturnino Calleja |c 1925 | ||
| 600 | 0 | |a Dostoievski, Fedor |9 267773 | |
| 600 | 0 | 7 | |a RENAN, ERNESTO |2 CL-VaPUC |9 352088 |
| 600 | 0 | 7 | |a PEREZ GALDOS, BENITO |2 CL-VaPUC |9 318144 |
| 650 | 0 | |a Literatura rusa |9 318370 | |
| 650 | 0 | |a Literatura francesa |9 266330 | |
| 650 | 0 | |a Literatura española |9 306261 | |
| 650 | 0 | |a Crítica e interpretación |9 255042 | |
| 583 | |a last modification |c 19951228 00:00:00 |k Rodrigo Vera | ||
| 999 | |c 243381 |d 243379 | ||
| 952 | |0 0 |1 0 |4 0 |6 809_300000000000000_DON_1925 |7 0 |8 A |9 256981 |a BIBEDU |b BIBEDU |d 2019-11-19 |i 3164918 |o 809.3 DON 1925 |p 3164918 |r 2019-11-19 |w 2019-11-19 |y BK |k LIT | ||